| 000 | 01283nam a22002537a 4500 | ||
|---|---|---|---|
| 999 |
_c18771 _d18771 |
||
| 003 | AR-CdUCM | ||
| 008 | 190515b ||||| |||| 00| 0 spa d | ||
| 040 |
_aMUNICIPALIDAD PROVINCIAL DEL CUSCO _cBIBLIOTECA MUNICIPAL DEL CUSCO |
||
| 082 |
_a985.006 / _bC74 |
||
| 110 |
_aCongreso Nacional de Historia del Perú _939566 |
||
| 245 | _aActas y trabajos del II congreso nacional de historia del Perú, Época Pre-Hispánica, 4-9 de agosto de 1958 / | ||
| 260 |
_aLima : _bMedica peruana, _c1959. |
||
| 300 |
_a2 volúmenes ; _bMapas, láminas plegables, _c25 cm. |
||
| 500 | _av.2: Historia. | ||
| 505 | _aContenido: v.1. Organización: II congreso nacional de historia -- Trabajos: 1era sección, Arqueología y Antropología física. -- v.2: Historia -- Las coyas en eel gobierno del Imperio Incaico -- Manco Cápac y Mama Ocllo personajes de la historia Nacional -- Contribución a la historia social sobre los peruanos prehispánicos -- Túpac Amaru: caudillo de un pueblo -- Descubrimiento de la bandera del Chinchaysuyu en Ica ... | ||
| 650 |
_aArqueología _9371 |
||
| 650 |
_aAntropología _9878 |
||
| 650 |
_aPerú _935 |
||
| 650 |
_aCongresos _92448 |
||
| 650 |
_aHistoria _9136 |
||
| 650 |
_aImperio Incaico _930250 |
||
| 942 |
_2ddc _cLIBROS |
||
| 945 |
_aacv _d2019-05-15 |
||